MARC

LEADER 00000nam0a2200000 4500
001 26554
005 20231030201655.0
010 |a 5866560925 
035 |a (RuTPU)RU\TPU\book\26798 
035 |a BOOK00026873 
090 |a 26554 
100 |a 20011209d1999 k a0rusy50 ca 
101 0 |a rus 
102 |a RU 
105 |a y g 001zy 
200 1 |a Справочник по токсикологии и гигиеническим нормативам (ПДК) потенциально опасных химических вешеств  |e разработки Института биофизики и его филиалов  |f РАН, СО, ИБФ 
210 |a Москва  |c ИздАТ  |d 1999 
215 |a 272 с. 
610 1 |a медицина 
610 1 |a химия 
610 1 |a токсикология 
610 1 |a химические вещества 
610 1 |a опасные химические вещества 
610 1 |a вредные вещества 
610 1 |a окружающая среда 
610 1 |a концентрация 
610 1 |a гигиенические нормативы 
610 1 |a ПДК 
610 1 |a предельно-допустимая концентрация 
610 1 |a справочники 
610 1 |a техника безопасности 
675 |a 615.9(03)  |v 3 
675 |a 613.63(03)  |v 3 
712 0 2 |a Российская академия наук (РАН)  |b Сибирское отделение (СО)  |b Институт биофизики (ИБФ)  |c (Красноярск)  |2 stltpush  |3 (RuTPU)RU\TPU\col\88 
801 0 |a RU  |b 63413507  |c 20011209  |g PSBO 
801 2 |a RU  |b 63413507  |c 20100830  |g PSBO 
942 |c BK